000 00751nam a2200229Ii 4500
003 JO-AjNU
005 20240110130559.0
008 230605s9999||||xx |||||||||||||| ||und||
040 _aJO-AjNU
_bara
_erda
_cJO-AjNU
041 _aara
050 1 4 _aQP34.5.A812 1998
100 3 _aمحمد ، هاشم محمد,
_eauthor
_934783
245 0 0 _aاسرار جسم الانسان، الجزء 2
264 3 1 _aالقاهرة:الهيئة المصريه للكتاب ، 1999
300 _aج2، 110ص
336 _atext
_btxt
_2rdacontent
337 _aunmediated
_bn
_2rdamedia
338 _avolume
_bnc
_2rdacarrier
490 0 _aسلسلة العلم والحياة
650 4 _aجسم الانسان-اسئلة واجوبة
_934784
942 _2lcc
_cBK
999 _c17864
_d17864